Normal view
MARC view
- Supervisor : Dr. Adeel Baig
Entry Personal Name
001 - CONTROL NUMBER
- control field: 91941
003 - CONTROL NUMBER IDENTIFIER
- control field: NUST
005 - DATE AND TIME OF LATEST TRANSACTION
- control field: 20220531115117.0
008 - FIXED-LENGTH DATA ELEMENTS
- fixed length control field: 220531|| aca||aabn | a|a d
040 ## - CATALOGING SOURCE
- Original cataloging agency: NUST
- Transcribing agency: NUST
100 ## - HEADING--PERSONAL NAME
- Personal name: Supervisor : Dr. Adeel Baig
670 ## - SOURCE DATA FOUND
- Source citation: Work cat.: (NUST): Hafiz Junaid Ahmad,Usman Rasheed 91940, IPv6 TUNNEL BROKER , 2012
